000 00456pam a2200157a 44500
008 230515b2010 xxu||||| |||| 00| 0 eng d
020 _a978-93-5004-055
041 _aENGLISH
082 _a01/GUP
100 _a GUPTA V IKAS
245 _aCOMDEX COMPUTER COURSE KIT WINDOS XP WITH OFFICE-2007(WITH-C D)
250 _a1
260 _aNEW DELHI
_bP H I
_c2010
300 _a584
650 _aCOMDEX COMPUTER COURSE KIT WINDOS XP WITH OFFICE-2007(WITH-C D)
999 _c497729
_d497729